Knihy
Uloženo v:
LEADER 03268nam a2200865 i 4500
001 nkc20223390205
003 CZ PrNK
005 20220506172934.0
007 ta
008 220106s2022 xr e 000 0dcze
015 |a cnb003390205 
020 |a 978-80-7566-239-2  |q (brožováno) :  |c Kč 249,00 
035 |a (OCoLC)1329409351 
040 |a ABA001  |b cze  |d OLA001  |e rda 
041 1 |a cze  |h ita 
045 |a e-e- 
072 7 |a 27-5  |x Liturgie. Křesťanské umění a symbolika. Duchovní život  |2 Konspekt  |9 5 
080 |a 27-246  |2 MRF 
080 |a 27-36  |2 MRF 
080 |a 27-312.55  |2 MRF 
080 |a 27-236.5  |2 MRF 
080 |a 27-184  |2 MRF 
080 |a 27-1/-9  |2 MRF 
080 |a 27-184.3  |2 MRF 
080 |a 27-4  |2 MRF 
080 |a 2-474-256-277  |2 MRF 
080 |a 2-231  |2 MRF 
080 |a 272-584.7  |2 MRF 
080 |a (049)  |2 MRF 
100 1 |a Martini, Carlo Maria,  |d 1927-2012  |7 jn20000603920  |4 aut 
240 1 0 |a Coraggio della passione.  |l Česky 
245 1 0 |a Odvaha milovat :  |b duchovní cvičení s apoštolem Petrem /  |c Carlo Maria Martini ; z italského originálu Il coraggio della passione ... přeložila Markéta Štěpánková 
264 1 |a V Praze :  |b Karmelitánské nakladatelství,  |c 2022 
300 |a 165 stran ;  |c 18 cm 
336 |a text  |b txt  |2 rdacontent 
337 |a bez média  |b n  |2 rdamedia 
338 |a svazek  |b nc  |2 rdacarrier 
490 1 |a Malý duchovní život ;  |v svazek 166 
504 |a Obsahuje bibliografii 
600 0 7 |a Petr,  |c svatý,  |d činný 1. století  |7 jn20000701397  |2 czenas 
600 0 7 |a Ježíš Kristus  |7 ola2002103454  |2 czenas 
600 0 9 |a Peter,  |c the Apostle, Saint  |2 eczenas 
600 0 9 |a Jesus Christ  |2 eczenas 
630 0 7 |a Bible.  |p Nový zákon  |7 unn2006374670  |2 czenas 
630 0 9 |a Bible.  |p New Testament  |2 eczenas 
648 7 |a 1. století  |7 ch460539  |2 czenas 
650 0 7 |a křesťanští světci  |7 ph115082  |y 1. století  |2 czenas 
650 0 7 |a apoštolové  |7 ph118552  |y 1. století  |2 czenas 
650 0 7 |a biblické postavy  |7 ph118857  |y 1. století  |2 czenas 
650 0 7 |a Bůh a člověk  |7 ph116953  |2 czenas 
650 0 7 |a křesťanské učení  |7 ph122129  |2 czenas 
650 0 7 |a křesťanská víra  |7 ph122113  |2 czenas 
650 0 7 |a křesťanský život  |7 ph122132  |2 czenas 
650 0 7 |a biblická interpretace  |7 ph118847  |2 czenas 
650 0 7 |a biblické citáty  |7 ph118853  |2 czenas 
650 0 7 |a katolické exercicie  |7 ph114893  |2 czenas 
650 0 9 |a Christian saints  |y 1st century  |2 eczenas 
650 0 9 |a apostles  |y 1st century  |2 eczenas 
650 0 9 |a Bible persons  |y 1st century  |2 eczenas 
650 0 9 |a relations between God and man  |2 eczenas 
650 0 9 |a Christian doctrine  |2 eczenas 
650 0 9 |a Christian faith  |2 eczenas 
650 0 9 |a Christian life  |2 eczenas 
650 0 9 |a Biblical interpretation  |2 eczenas 
650 0 9 |a Biblical quotations  |2 eczenas 
650 0 9 |a Catholic spiritual exercises  |2 eczenas 
655 7 |a pojednání  |7 fd133056  |2 czenas 
655 9 |a essays  |2 eczenas 
700 1 |a Štěpánková, Markéta  |7 xx0093326  |4 trl 
830 0 |a Malý duchovní život  |0 s 
910 2 |a BOA001  |b 1-1484.508 
990 |a BK 
995 |a 01 
991 |b 202205  |c NOV 
996 6 |b 2610900205  |c 1-1484.508  |l MZK  |r Sklad / do 1 hodiny  |n 1  |p p.v.  |w 001883923  |u 000010  |a 1  |e BOA001  |j MZK50  |s P